000 00939nas a2200313 4500
001 BR2015001240
003 BR-BrBNA
005 20231205125144.0
007 ta
008 230509b bl.|||p| |||| 00| 00por d
040 _aBR-BrBNA
_bpor
_cBiblioteca Nacional de Agricultura
041 _a(En)
072 _aL53; L73
100 1 _aGerber, P.F.
100 1 _aGarrocho, F.M.
100 1 _aLobato, Z.I.P
245 1 _aThe effects of sow viremia and maternal antibodies in porcine circovirus 2 on viral infection and weight of piglets
650 _aPORCA
650 _aVÍRUS
650 _aINFECÇÃO
650 _aANTICORPO
650 _aPESO
650 _aPRENHEZ
650 _aCOLOSTRO
650 _aSORO
773 0 _tArquivo Brasileiro de Medicina Veterinária e Zootecnia (Brazil)
_xISSN 0102-0935
_g(Apr 2014), v. 66(2) p.405-410
_wBR2015001240
909 _a202311
_bLúcia
_c55
_dLúcia Elande
942 _2AGRIS
_n0
_cANA
999 _c242933
_d242933